Movies Quiz

Random Movies or Actor Quiz

Guess the Color-Blocked Actor Quiz Stats

 Plays Quiz not verified by Sporcle

Challenge
Share
Tweet
Score 0/17 Timer 07:00
0 Plays Today
% Correct
Matt Damon (Ocean's 13)
78.1%
Gregory Peck (To Kill a Mockingbird)
78.1%
Judy Garland (Wizard of Oz)
74%
Robert Downey Jr. (Sherlock Holmes)
68.5%
Rachel McAdams (Mean Girls)
61.6%
Faye Dunaway (Chinatown)
50.7%
Robin Williams (Jumanji)
49.3%
Emma Thompson (Love Actually)
46.6%
Steve Martin (Father of the Bride)
43.8%
% Correct
Judi Dench (Shakespeare in Love)
42.5%
Sam Rockwell (Moon)
34.2%
Halle Berry (Gothika)
28.8%
Renée Zellweger (Chicago)
28.8%
Idris Elba (Pacific Rim)
20.5%
Amy Adams (Julie & Julia)
17.8%
Christian Bale (The New World)
9.6%
John Hurt (Snowpiercer)
6.8%

You're not logged in!

Compare scores with friends on all Sporcle quizzes.
Join for Free
OR
Log In

You Might Also Like...

Show Comments

Extras

Top Quizzes Today


Score Distribution

Your Account Isn't Verified!

In order to create a playlist on Sporcle, you need to verify the email address you used during registration. Go to your Sporcle Settings to finish the process.

Report this User

Report this user for behavior that violates our Community Guidelines.

Details: